000 00640nam a2200241Ia 4500
008 160803s9999 xx 000 0 und d
020 _a9780590474832
100 _aLevy, Elizabeth
245 4 _aThe schoolyard mystery /
245 _cby Elizabeth Levy ; illustrated by Denise Brunkus.
260 _aNew York :
260 _bScholastic Inc.
260 _c1994
300 _a1 volume (unpaged) :
300 _bcolor illustrations ;
300 _c23 cm.
440 _aAdvanced reader :
440 _vLevel 4
650 _aMystery and detective stories.
650 _aSchools --
650 _xFiction.
700 _a410
999 _c299191
_d299191